00481nam a2200133Ia 4500008004100000041000800041082001500049100003900064245004900103260003700152300000900189999001700198952013200215220803s9999 xx 000 0 und d aeng a720.47 PAT aRawal R Ed. Khadpekar N Ed.929921 aSustainable Habitat For Developing Societies aAhmedabadbCEPT Universityc2014 a302p c18763d18763 00104070aBNCAbBNCAd2016-08-05eModak Sg500.00l0o720.47 PATpBNCA-DB-1481r2022-08-03 00:00:00w2022-08-03yDBzDB001481